Inteligentní byznys pomocí Business intelligence
Business intelligence (BI) ako koncept využitia informácií v organizácii pre podporu rozhodovania. Architektúra alebo stavebné kamene Business intelligence. Využitie BI v podnikovej praxi (v oblasti financií, marketingu, výroby, logistiky, riadenia vzťahov s dodávateľmi...). Aspekty ďalšieho rozvoja...
Na minha lista:
| Autor principal: | |
|---|---|
| Formato: | Capítulo de Livro |
| Idioma: | tcheco |
| Assuntos: | |
| Tags: |
Sem tags, seja o primeiro a adicionar uma tag!
|
MARC
| LEADER | 00000naa$a2200000$$$4500 | ||
|---|---|---|---|
| 001 | 0065352 | ||
| 005 | 20231128135301.0 | ||
| 041 | 0 | |a cze | |
| 044 | |a CZ | ||
| 245 | 1 | 0 | |a Inteligentní byznys pomocí Business intelligence |c David Slánský |
| 520 | |a Business intelligence (BI) ako koncept využitia informácií v organizácii pre podporu rozhodovania. Architektúra alebo stavebné kamene Business intelligence. Využitie BI v podnikovej praxi (v oblasti financií, marketingu, výroby, logistiky, riadenia vzťahov s dodávateľmi...). Aspekty ďalšieho rozvoja. | ||
| 610 | 2 | 0 | |a riadenie podnikové |
| 610 | 2 | 0 | |a manažment |
| 610 | 2 | 0 | |a rozhodovanie |
| 610 | 2 | 0 | |a technológie informačné |
| 610 | 2 | 0 | |a systémy informačné |
| 610 | 2 | 0 | |a báza dát |
| 100 | 1 | |a Slánský, David | |